LEADER 01263nam a2200265 i 4500 001 000000158254 003 CaOOAMICUS 005 20070205000000.0 008 070205n it u000 u ita u 013 $a135617 040 $aSeMil$bita 100 1 $aRicci, Marco.$0(OLS)http://semarc/name/41314 245 10$aMarco Ricci :$bcatalogo della Mostra /$cMarco Ricci ; a cura di Giuseppe Maria Pilo ; con un saggio di Rodolfo Pallucchini sui «Caratteri di Marco Ricci». 260 $aVenezia :$bAlfieri,$c[1963?] 300 $aLXXIX, 120 p., riccamente ill. ;$c24 cm. 500 $aA piè del front. : Bassano del Grappa, Palazzo Sturm, 1 settembre-10 novembre 1963. - Fondo Ciprandi. 650 4$aRicci, Marco - Opere - Esposizioni - Bassano del Grappa - 1963.$0(OLS)http://semarc/subject/16890 700 1 $aPallucchini, Rodolfo.$0(OLS)http://semarc/name/7778 700 1 $aPilo, Giuseppe Maria.$0(OLS)http://semarc/name/14802 850 $aSeMil 852 $aSeMil$W1$xVenegono$y1$m5I VI 114$j109905$B109905$CSeMilBibl$Z2$F119542 $81 941 1 $a1 961 $aOmaggio: Ciprandi dott. Paolo 996 $6245$aMarco Ricci :$bcatalogo della Mostra$9(OLS)http://semarc/title/139562 996 $6260$aVenezia :$bAlfieri$9(OLS)http://semarc/publisher/41776 LEADER 01382nam a2200313 i 4500 001 000000132741 003 CaOOAMICUS 005 20240403123056.0 008 041216s2002 it u000 u ita u 013 $a105750 020 $a88-7402-010-4 040 $aSeMil$bita 240 02$aL'identità fluttuante.$0(OLS)http://semarc/title/194908 245 12$aL'identità fluttuante. Cinema/televisione :$baudiovisione e forme della differenza /$cFrancesco Linguiti (a cura di) 260 $aCantalupa (Torino) :$bEffatà,$ccopyr. 2002. 300 $a348 p. ;$c21 cm. 490 0 $aAccademia 650 4$aTelevisione.$0(OLS)http://semarc/subject/8144 650 4$aCinema.$0(OLS)http://semarc/subject/15360 650 4$aIdentità - Sociologia.$0(OLS)http://semarc/subject/11323 700 1 $aLinguiti, Francesco.$0(OLS)http://semarc/name/54614 830 0$aAccademia.$0(OLS)http://semarc/title/11916 850 $aSeMil 852 $aSeMil$W1$xVenegono$y1$m769 4 2 *$j86643$B86643$CSeMilBibl$Z2$F90393 $81 961 $aLascito: Cornati don Dario 996 $6020$a88-7402-010-4$9(OLS)http://semarc/number/119834 996 $6245$aL'identità fluttuante. Cinema/televisione :$baudiovisione e forme della differenza$9(OLS)http://semarc/title/194909 996 $6260$aCantalupa (Torino) :$bEffatà$9(OLS)http://semarc/publisher/30780